1865 1003 1833 1799 1965 1529 1995 1706 1189 1234 1264 1516 1976 1549 1241 1245 1242 1486 1334 1952 1021 1425 1690 1227 1701 1329 1640 1176 1440 1846 1117 1787 1340 1434 1557 1974 1866 1594 1529 1435 1283 1194 1610 1539 1096 1730 1476 1573 1789 1491 1392 1924 1863 1813 1339 1622 1011 1545 1187 1671 1468 1498 1917 1760 1078 1050 1716 1728 1492 1971 1788 1453 1408 1420 1082 1880 1491 1494 1449 1112 1506 1998 1137 1800 1265 1461 1362 1853 1913 1366 1364 1545 1624 1263 1293 1600 1538 1020 1321 BCNSPRNW ULIB Ver.6.0+V

เปลี่ยนเป็นภาษาไทย

Change to English
 แสดงรายละเอียดบรรณานุกรม
  กลับหน้าหลัก

Brief Record : Get Marc (ISO 2709) : E-mail record : QR code < ปิดหน้าต่าง
LEADER : 00000nam 2200000uu 4500
001    13399110954
003     ULIB
008    110614s2551||||th 000 0 tha d
050  4 AC158^bส691ค 2551
110 1  สำนักพิมพ์สาระ
245 00 คำปรึกษาเกี่ยวกับปัญหาในชีวิตประจำวัน/^cสำนักพิมพ์สาระ
260    กรุงเทพฯ :^bสาระ,^c2551
300    พิมพ์ครั้งที่ 1
650  7 ปัญหาสุขอนามัย
650  7 ปัญหาเยาวชน
650  7 ปัญหาเกี่ยวกับเพศ
650  7 ปัญหาครอบครัว
650  7 ปัญหาชีวิต
945    ^p160^l0^i023412
995    ทศพร
999 ^a ใช้งานได้ทุกระบบ
รายการนี้ยังไม่มีแท็ก
คุณยังไม่ได้ล็อกอิน คุณสามารถมีกิจกรรมร่วมกับเว็บไซต์ได้ แต่ต้องล็อกอินก่อน ::
  ล็อกอิน

รายการสื่อสารสนเทศ

ลำดับที่ ประเภท เลขเรียก/บาร์โค้ด สถานที่ สถานะ
- ไม่พบข้อมูล -

BibComment


ยังไม่เคยถูกคอมเมนท์

คอมเมนท์ทรัพยากรรายการนี้
  คอมเมนท์: คำปรึกษาเกี่ยวกับ..


 Copyright 2026. Bcnsprnw @Library